Statistics for Ian Fleming Bibliography

Click here to take the quiz!

General Stats

  • This quiz has been taken 16 times
  • The average score is 13 of 26

Answer Stats

TypeYearName% Correct
Novel1959Goldfinger
100%
Novel1953Casino Royale
94%
Novel1958Dr. No
88%
Novel1957From Russia, with Love
88%
Novel1961Thunderball
81%
Short Story1966Octopussy
75%
Novel1956Diamonds Are Forever
69%
Novel1954Live and Let Die
69%
Novel1955Moonraker
69%
Novel1965The Man with the Golden Gun
69%
Novel1962The Spy Who Loved Me
69%
Novel1963On Her Majesty's Secret Service
56%
Novel1964You Only Live Twice
56%
Children's Novel1964Chitty-Chitty-Bang-Bang: The Magical Car
50%
Short Story Collection1960For Your Eyes Only
50%
Short Story1960For Your Eyes Only
50%
Short Story1960Quantum of Solace
50%
Short Story1966The Living Daylights
44%
Short Story1966007 in New York
19%
Short Story Collection1966Octopussy and The Living Daylights
19%
Novel1957The Diamond Smugglers
19%
Short Story1960The Hildebrand Rarity
19%
Short Story1960Risico
13%
Short Story1966The Property of a Lady
13%
Travelogue1963Thrilling Cities
13%
Short Story1960From a View to Kill
0%

Score Distribution

Percentile by Number Answered

Percent of People with Each Score

Your Score History

You have not taken this quiz